000 nam a22 7a 4500
999 _c8950
_d8950
008 180122b ||||| |||| 00| 0 eng d
100 _aAggarwal.M.L.etal.
_92760
245 _aComposite Mathematics
260 _aNew delhi
_bChand
_c2009